| 000 | 01681nam0a22002771 4500 | ||
|---|---|---|---|
| 001 | rc\3474673 | ||
| 005 | 20260406234208.0 | ||
| 021 |
_aRU _b[70-82217] |
||
| 035 | _a(NLR Aleph) 007641743 | ||
| 090 |
_a6133267 _c6133267 |
||
| 100 | _a20130115d1970 |||y0rusy50 ca | ||
| 101 | 0 | _arus | |
| 102 | _aRU | ||
| 105 | _aa bg ||||| | ||
| 200 | 1 |
_aНасосы осевые типа "О", "ОП" и центробежные вертикальные типа "В" _eКаталог-справочник _eСрок ввода в действие II квартал 1970 г. _fУральский филиал Всесоюз. науч.-исслед. конструкторского и технол. ин-та гидромашиностроения. Центр. ин-т науч.-техн. информации и техн.-экон. исследований по хим. и нефт. машиностроению |
|
| 210 |
_aМосква _cБ. и. _d1970 |
||
| 215 |
_a52 с. _cил. _d28 |
||
| 532 | 1 | 3 | _aНасосы осевые типа О, ОП и центробежные вертикальные типа В |
| 606 |
_aНасосы осевые _jКаталоги-справочники _2psbo |
||
| 606 |
_aНасосы центробежные _jКаталоги-справочники _2psbo |
||
| 712 | 0 | 2 |
_aВсесоюзный научно-исследовательский конструкторский и технологический институт гидромашиностроения _bУральский филиал _9471047 _3RU\NLR\AUTH\889987714 |
| 801 | 0 |
_aRU _bNLR _gpsbo |
|
| 801 | 1 |
_aRU _bELAR _2rusmarc |
|
| 852 |
_aNLR _jПт 14.74/173 |
||
| 942 | _cBOOK | ||
| 980 | _aNB | ||